Digital Image processing using MATLAB / (Record no. 33218)
[ view plain ]
| 000 -LEADER | |
|---|---|
| fixed length control field | 01111cam a2200325 a 4500 |
| 001 - CONTROL NUMBER | |
| control field | 16226866 |
| 003 - CONTROL NUMBER IDENTIFIER | |
| control field | OSt |
| 005 - DATE AND TIME OF LATEST TRANSACTION | |
| control field | 20170105113104.0 |
| 008 - FIXED-LENGTH DATA ELEMENTS--GENERAL INFORMATION | |
| fixed length control field | 100511s2009 xx a b 001 0 eng |
| 010 ## - LIBRARY OF CONGRESS CONTROL NUMBER | |
| LC control number | 2009902793 |
| 020 ## - INTERNATIONAL STANDARD BOOK NUMBER | |
| International Standard Book Number | 9780982085400 |
| 020 ## - INTERNATIONAL STANDARD BOOK NUMBER | |
| International Standard Book Number | 0982085400 |
| 040 ## - CATALOGING SOURCE | |
| Original cataloging agency | DLC |
| Transcribing agency | DLC |
| 042 ## - AUTHENTICATION CODE | |
| Authentication code | pcc |
| 050 00 - LIBRARY OF CONGRESS CALL NUMBER | |
| Classification number | TA1637 |
| Item number | .G66 2009 |
| 100 1# - MAIN ENTRY--PERSONAL NAME | |
| Personal name | Gonzalez, Rafael C. |
| 245 10 - TITLE STATEMENT | |
| Title | Digital Image processing using MATLAB / |
| Statement of responsibility, etc. | Rafael C. Gonzalez, Richard E. Woods, Steven L. Eddins. |
| 250 ## - EDITION STATEMENT | |
| Edition statement | 2nd ed. |
| 260 ## - PUBLICATION, DISTRIBUTION, ETC. | |
| Place of publication, distribution, etc. | [S.I.] : |
| Name of publisher, distributor, etc. | Gatesmark Pub., |
| Date of publication, distribution, etc. | c2009. |
| 300 ## - PHYSICAL DESCRIPTION | |
| Extent | xviii, 826 p. : |
| Other physical details | ill. (some col.) ; |
| Dimensions | 25 cm. |
| 504 ## - BIBLIOGRAPHY, ETC. NOTE | |
| Bibliography, etc. note | Includes bibliographical references (p. 813-816) and index. |
| 630 00 - SUBJECT ADDED ENTRY--UNIFORM TITLE | |
| Uniform title | MATLAB. |
| 650 #0 - SUBJECT ADDED ENTRY--TOPICAL TERM | |
| Topical term or geographic name entry element | Image processing |
| General subdivision | Digital techniques. |
| 650 #0 - SUBJECT ADDED ENTRY--TOPICAL TERM | |
| Topical term or geographic name entry element | Image processing |
| General subdivision | Mathematics. |
| 700 1# - ADDED ENTRY--PERSONAL NAME | |
| Personal name | Woods, Richard E. |
| Fuller form of name | (Richard Eugene), |
| Dates associated with a name | 1954- |
| 700 1# - ADDED ENTRY--PERSONAL NAME | |
| Personal name | Eddins, Steven L., |
| Dates associated with a name | 1964- |
| 906 ## - LOCAL DATA ELEMENT F, LDF (RLIN) | |
| a | 7 |
| b | cbc |
| c | origres |
| d | 2 |
| e | ncip |
| f | 20 |
| g | y-gencatlg |
| 942 ## - ADDED ENTRY ELEMENTS (KOHA) | |
| Source of classification or shelving scheme | |
| Koha item type | Book |
| Withdrawn status | Lost status | Source of classification or shelving scheme | Damaged status | Not for loan | Permanent Location | Current Location | Date acquired | Total Checkouts | Total Renewals | Full call number | Barcode | Date last seen | Date last checked out | Price effective from | Koha item type |
|---|---|---|---|---|---|---|---|---|---|---|---|---|---|---|---|
| School of Mechanical & Manufacturing Engineering (SMME) | School of Mechanical & Manufacturing Engineering (SMME) | 01/13/2016 | 1 | 1 | 621.367 GON | SMME-2387 | 08/02/2023 | 11/15/2021 | 01/13/2016 | Book |
